00802cam a22002411 4500001001300000003000400013005001700017008004100034010001700075035002000092040003900112042001200151050001700163100003100180245012300211260004400334300002300378440004700401500003300448500003300481600003100514999001500545af 47003745 DLC20260227110821.0911113s1944 it 000 0 ita c aaf 47003745  a(OCoLC)24776938 aHarvard univ. LibrarycCUdCUdDLC apremarc00aDG575.B8bN41 aNenni, Pietro,d1891-1980.10aCosa avrebbe detto Bruno Buozzi.c(Discorso tenuto da Pietro Nenni ... al Teatro Adriano di Roma il 4 luglio 1944 ...) a[Roma,bCasa editrice "Avanti!"c1944?] a15, [1] p.c19 cm. 0aBiblioteca di propaganda socialista,vn. 1 aPortrait on p. [2] of cover. aText on p. [2]-[3] of cover.10aBuozzi, Bruno,d1881-1944. c2310d2310